000 00478nam a22001697a 4500
005 20251108175655.0
008 250721s2014 xx 000 0 ara d
082 1 4 _aق/فقي
100 1 _aفقيه، محمد حسن
245 1 0 _aخراف في غابة الخنازير /
264 1 _aعمان :
_bدار الاعلام،
_c2014.
300 _a148ص.
650 1 7 _aالادب العربي
650 1 7 _aالقصص العربية
942 _2ddc
_cBK
999 _c139701
_d139701